Leïla Bekhti - Mort subite - Statistiques

Statistiques générales
  • Ce quiz a été pris 86 fois
  • Le résultat moyen est 5 sur 11
Answers on the Grid
Answers color-coded by a green-red scale on the quiz's grid according to % correct below.
J'irai où tu iras
Et ta sœur ?
Le grand bain
Tout ce qui brille
La lutte des classes
Illusions perdues
Je verrai toujours vos visages
Novembre
Il reste du jambon ?
La tresse
De l'autre côté du périph
9 mois ferme
Nous trois ou rien
Nous York
Barbecue
Une vie meilleure
Il a déjà tes yeux
Un prophète
Maintenant ou jamais
Le brio
 
Statistiques - réponses
Réponse % Correct
Tout ce qui brille
81%
J'irai où tu iras
69%
Je verrai toujours vos visages
60%
Le grand bain
56%
Nous York
37%
Un prophète
35%
Nous trois ou rien
34%
La lutte des classes
32%
Il reste du jambon ?
29%
Une vie meilleure
21%
Maintenant ou jamais
16%
Aucun quiz correspondant
Distribution des résultats
% des personnes avec chaque résultat
Percentile par nombre de réponses
Votre historique - résultats
Vous n’avez pas pris ce quiz